ბათუმის შოთა რუსთაველის სახელმწიფო უნივერსიტეტის ბიბლიოთეკა

ლითონსაჭრელი ჩარხების კინემატიკური გაანგარიშების საფუძვლები : დამხ.სახელმძღ. / (ბიბ.ჩანაწერი № 39591)

000 -ლიდერი
ფიქსირებული სიგრძის საკონტროლო ველი 00976nam a2200193Ia 4500
001 - საკონტროლო ნომერი
საკონტროლო ველი 6191
003 - საკონტროლო ნომრის იდენტიფიკატორი
საკონტროლო ველი GE_BSU
005 - ბოლო ოპერაციის თარიღი და დრო
საკონტროლო ველი 20190628213048.0
008 - ფიქსირებული სიგრძის მონაცემთა ელემენტები - ზოგადი ინფორმაცია
ფიქსირებული სიგრძის საკონტროლო ველი 181216s1980|||| |||||||||||||| ||geo||
041 ## - ენის კოდი
Language code of text/sound track or separate title geo
080 ## - უნივერსალური ათობითი კლასიფიკაციის ინდექსი
Universal Decimal Classification number 621.91(075.8) გ-74
100 ## - მთავარი ჩანაწერი - პიროვნების სახელი
Personal name გოცირიძე, გ.
9 (RLIN) 3122
245 ## - ცნობა სათაურის შესახებ
Title ლითონსაჭრელი ჩარხების კინემატიკური გაანგარიშების საფუძვლები : დამხ.სახელმძღ. /
Statement of responsibility, etc გ. გოცირიძე ; რედ : ე. გიორგაძე .
264 ## - წარმოების, გამოცემის, დისტრიბუციის და სხვა ცნობები
გამოცემის, წარმოების, დისტრიბუციის... ადგილი თბილისი :
გამოცემის, წარმოების, დისტრიბუციის... სახელწოდება სპი,
გამოცემის, წარმოების, დისტრიბუციის... თარიღი 1980.
300 ## - ფიზიკური აღწერა
Extent 146 გვ .:
Other physical details ცხრ;ნახ.
Dimensions 20 სმ.
653 ## - INDEX TERM--UNCONTROLLED
Uncontrolled term ლითონსაჭრელი ჩარხების კინემატიკური გაანგარიშება
700 ## - ADDED ENTRY--PERSONAL NAME
Personal name გიორგაძე, ე
Relator term რედაქტორი
9 (RLIN) 398
942 ## - ADDED ENTRY ELEMENTS (KOHA)
Koha item type წიგნი
Source of classification or shelving scheme
ეგზემპლარები
ჩამოწერის სტატუსი დაკარგული ეგზემპლარის სტატუსი კლასიფიკაციის წყარო ან თაროზე გაწყობის სქემა დაზიანების სტატუსი არ გაიცემა მუდმივი მდებარეობა (დაცვის ადგილი) ამჟამინდელი ადგილსამყოფელი თაროზე განთავსების ადგილი შეძენის თარიღი ღირებულება, შესყიდვის ნორმალური ფასი სრული შენახვის შიფრი შტრიხკოდი ბოლო ოპერაციის თარიღი ეგზემპლარის მიმდევრობითი ნომერი (კეტერი?) ფასის ძალაში შესვლის თარიღი ეგზემპლარის სახეობა საჯარო შენიშვნა
          ტექნოლოგიური ფაკულტეტის ბიბლიოთეკა ტექნოლოგიური ფაკულტეტის ბიბლიოთეკა წიგნსაცავი 2018-12-17 1.00 621.91(075.8) გ-74 11165 2018-12-17 11165 2018-12-17 წიგნი 1 ლ. 20 თ.
          ტექნოლოგიური ფაკულტეტის ბიბლიოთეკა ტექნოლოგიური ფაკულტეტის ბიბლიოთეკა წიგნსაცავი 2018-12-17 1.00 621.91(075.8) გ-74 11166 2018-12-17 11166 2018-12-17 წიგნი 1 ლ. 20 თ.